| 000 | 00866cam a2200265 4500 | ||
|---|---|---|---|
| 001 | ABS63091 | ||
| 008 | 000000n2000 000 0 eng u | ||
| 035 | _a(Sirsi) u109441 | ||
| 100 | _aSmit, J | ||
| 245 | _aWho cares? | ||
| 260 | _c2000 | ||
| 490 |
_aBuilding Homes _vNovember 2000, 13-16(4) |
||
| 520 | _aReviews the MORI national housebuilding survey which ranks housebuilders by customer satisfaction with the overall quality of their home and the service they received. Outlines the survey's implications for both housebuilders and homebuyers. Table. Charts. | ||
| 590 | _aABS | ||
| 650 | _aLEAGUE TABLES | ||
| 650 | _aMORI | ||
| 650 | _aRANKING | ||
| 650 | _aCUSTOMER SATISFACTION | ||
| 650 | _aCUSTOMER CARE | ||
| 650 | _aPERFORMANCE | ||
| 650 | _aHOUSE BUILDERS | ||
| 650 | _aHOMEBUYERS | ||
| 690 | _aBUILT ENVIRONMENT | ||
| 942 | _n0 | ||
| 999 |
_c65328 _d65328 |
||